000 nam a22 7a 4500
999 _c10399
_d10399
008 180216b ||||| |||| 00| 0 eng d
100 _aGusain,V.
_96352
245 _aComputer World-VI
260 _aNew Delhi
_bAPC